| 000 | 00398nam a22001457a 4500 | ||
|---|---|---|---|
| 008 | 250618b |||||||| |||| 00| 0 eng d | ||
| 020 | _a9789381159231 | ||
| 050 |
_aLC 189 _b.S56 |
||
| 100 | _aSingh Mahaveer | ||
| 245 | _aSociological Foundation of Education | ||
| 260 |
_aNew Delhi _bUniversity Science Press _c2021 |
||
| 300 |
_a242p _bill; |
||
| 650 | _aEducational Sociology | ||
| 942 | _cBK | ||
| 999 |
_c3889 _d3889 |
||